000 01711cam a22004577a 4500
001 000092576
003 CHAP
005 20230911124126.0
008 041118d2004 mx r 00110 spa d
010 _a89042
011 _a90014
035 _a100570
040 _cCHAP
090 _aTesis
100 0 0 _aGeorge Robles, Saúl.
_947670
245 1 0 _aCambios en color, sabor y contenido de mucílago del nopal verdura(Opuntia ficus-indica), al aplicarle tequesquite (Na2CO3,NaHCO3.2H2O) durante el escalde /
_c/por Saúl George Robles.
260 _aChapingo, Méx. :
_bEl autor,
_c2004.
300 _a40 h. ; :
_bgráfs.
502 _aTesis (Ing. Agroindustrial) -- UACH. Departamento de Ingeniería Agroindustrial
590 _aALEPH
_b10
_c20130110
_lUCH01
_h1501
590 _aBATCH-UPD
_b10
_c20130110
_lUCH01
_h0637
590 _aBATCH-UPD
_b10
_c20130410
_lUCH01
_h0321
590 _aBATCH-UPD
_b10
_c20130914
_lUCH01
_h0206
590 _aBATCH-UPD
_b10
_c20140324
_lUCH01
_h1446
590 _aBATCH-UPD
_b10
_c20141002
_lUCH01
_h0823
590 _aCONVERSION
_b10
_c20130109
_lUCH01
_h1349
590 _aE12093SGE
_b10
_c20130621
_lUCH01
_h1308
650 1 4 _aAlimentos
_xAnálisis.
_94164
650 1 4 _aAlimentos
_xPropiedades organolepticas.
_94270
650 1 4 _aAlimentos
_xSabor.
_94279
650 1 4 _aMucílagos.
_979255
650 1 4 _aNopal
_xAnálisis.
_981650
650 1 7 _aOpuntia ficus-indica
_2
_983389
856 _3Finding aid
_uhttp://10.13.5.2/tesis/100570.pdf
_zTeclea aquí
901 _aBK
905 _aAlejandra Carrasco M.
942 _cCD
942 _n0
949 _aTesis
_bBC
_cTES
_d1005701
_eTS1
_h42653
_i100570
_sb
949 _aTesis
_bBC
_cTES
_d33724000796207
_eTS2
_fc.2
_h42654
_i100570
_si
999 _c89042
_d89042